000 00606nam a2200229Ia 4500
003 OSt
005 20220928135619.0
006 a|||||r|||| 00| 0
007 ta
008 220927b |||||||| |||| 00| 0 eng d
024 _a3780
037 _cTextual
040 _aSDCL
_cSDCL
_beng
041 _2eng
_aeng
082 _aX:5385, L6
100 _aShlaim Avi Ed.
_9492059
245 0 _aEEC and the mediterranean countries
260 _c1976
700 _a Yannopoulos G N Ed.
_9492060
942 _hX:5385, L6
_cTEXL
_2CC
999 _c807513
_d807513